000 00575nam a22002177a 4500
003 OSt
005 20260312111130.0
008 260312b |||||||| |||| 00| 0 SPA d
020 _a978-99421118-7
035 _a978-99421118-7
082 _2978-99421118-7
100 _aVALLEJO-ZAMBRANO
245 _aFísica Vectorial 2 2015
250 _a10cima
_b2015
300 _a246 pag
_b15,5x21 cm
520 _aMatemáticas en la escuela primaria Libros de texto
650 _2Dinámica Rotacional
651 _2Movimiento Lineal
654 _2Potencia
942 _2ddc
_cBK
_n0
999 _c2022
_d2022